El tributo indígena en la Nueva España durante el siglo XVI
Guardat en:
| Autor principal: | |
|---|---|
| Format: | Llibre |
| Idioma: | espanyol |
| Publicat: |
Ciudad de México, México
El Colegio de México
1952
|
| Matèries: | |
| Etiquetes: |
Afegir etiqueta
Sense etiquetes, Sigues el primer a etiquetar aquest registre!
|
MARC
| LEADER | 00000nam a2200000 a 4500 | ||
|---|---|---|---|
| 001 | UCO0725 | ||
| 003 | CL-VaPUC | ||
| 005 | 20220119171314.0 | ||
| 008 | 000428e19520000MX |||||||||||||||||spa|d | ||
| 999 | |c 287373 |d 287371 | ||
| 040 | |c Pontificia Universidad Católica de Valparaíso | ||
| 082 | 0 | 4 | |a 972.02 MIR 1952 |2 21 |
| 100 | |a Miranda, José Edgar |e autor |9 442162 | ||
| 245 | 1 | 3 | |a El tributo indígena en la Nueva España durante el siglo XVI |
| 260 | |a Ciudad de México, México |b El Colegio de México |c 1952 | ||
| 300 | |a 350 páginas | ||
| 583 | |a last modification |c 20000428 00:00:00 |k Rodrigo Vera | ||
| 650 | 7 | |a HISTORIA DE MEXICO |2 CL-VaPUC |9 333909 | |
| 650 | 7 | |a COLONIZACION |2 CL-VaPUC |9 442163 |z ESPAÑA |z MEXICO | |
| 650 | 0 | |a Indígenas |z MEXICO |9 317064 | |
| 852 | |a BIBCUR | ||
| 942 | |c BK |2 ddc | ||
| 945 | |d 20000428 00:00:00 |a crobeson | ||
| 952 | |0 0 |1 0 |2 ddc |4 0 |6 972_020000000000000_MIR_1952 |7 0 |8 A |9 334210 |a BIBHIS |b BIBHIS |d 2019-11-20 |i 1272152 |l 2 |o 972.02 MIR 1952 |p 1272152 |r 2025-01-20 |s 2024-11-11 |t 1 |w 2019-11-20 |y BK |k HIS | ||